000 00289cam a2200109ua 4500
082 _a621.312133
_bMCC/DI
100 _aMcCrone, A.K.L .
_91521
245 _aDiesel Plant Operator`s Handbook /
260 _aLondon :
_bSir Isaac Pitman & Sons Ltd ,
_c1958.
300 _a215 ; .
942 _cREF
999 _c7195
_d7195